Ideosemántica de la novelística argentina

Sparad:
Bibliografiska uppgifter
Huvudupphovsman: Jaime-Ramírez, Helios (Författare, medförfattare)
Materialtyp: Bok
Språk:spanska
Publicerad: Salamanca Almar 2001
Upplaga:1a. ed
Serie:Biblioteca Filológica
Ämnen:
Taggar: Lägg till en tagg
Inga taggar, Lägg till första taggen!

MARC

LEADER 00000nam a2200000 a 4500
001 UCK0479
003 CL-VaPUC
008 041008e20010000SP |||||||||||||||||spa|d
020 |a 8474550734 
082 0 4 |a Ar863.9  |b JAI  |2 21 
100 0 |a Jaime-Ramírez, Helios  |e author  |9 488454 
245 1 0 |a Ideosemántica de la novelística argentina 
250 |a 1a. ed 
300 |a 183 p 
942 |c BK 
945 |d 20041008 00:00:00  |a cmena 
260 |a Salamanca  |b Almar  |c 2001 
650 0 |a Crítica e interpretación literaria  |9 266284 
650 7 |a NOVELA ARGENTINA  |2 CL-VaPUC  |9 347321 
650 0 |a Análisis del discurso  |9 256696 
583 |a last modification  |c 20041008 00:00:00  |k Rodrigo Vera 
490 0 |a Biblioteca Filológica 
999 |c 310916  |d 310914 
952 |0 0  |1 0  |4 0  |6 AR_863_900000000000000_JAI_2001  |7 0  |8 A  |9 379967  |a BIBEDU  |b BIBEDU  |d 2019-11-21  |i 406688K  |o Ar863.9 JAI 2001  |p 406688K  |r 2019-11-21  |w 2019-11-21  |y BK  |k LIT